[Event "Corus-B"]
[Site "Wijk aan Zee"]
[Date "2000.01.28"]
[Round "9"]
[White "Nisipeanu, Liviu Dieter"]
[Black "Hendriks, Willy"]
[Result "1-0"]
[WhiteElo "2611"]
[BlackElo "2373"]
[Annotator "Ribli,Z"]
[PlyCount "73"]
[EventDate "2000.01.18"]
[EventType "tourn"]
[EventRounds "11"]
[EventCountry "NED"]
[EventCategory "11"]
[SourceTitle "CBM 075"]
[Source "ChessBase"]
[SourceDate "2000.04.05"]
[SourceVersion "1"]
[SourceVersionDate "2000.04.05"]
[SourceQuality "1"]

1. e4 c5 2. Nf3 Nc6 3. d4 cxd4 4. Nxd4 e6 5. Nc3 Qc7 6. Be2 a6 7. O-O Nf6 8.
Be3 Bb4 {Diese Fortsetzung ist freilich von eigener Bedeutung - aber Schwarz
kann auch mit 8...d6 die Scheweninger Variante wählen.} 9. Na4 b5 $6 {Dieser
Zug bietet Schwarz nicht die besten Chancen. Die Alternative 9...Be7 ist
heutzutage in Mode, und auch die alte Fortsetzung 9...0-0 ist spielbar.} 10.
Nxc6 dxc6 11. Bc5 (11. Nc5 Bxc5 12. Bxc5 Nxe4 13. Qd4 $44 {In diesem Fall hat
Weiß Kompensation für den Bauern, aber nicht mehr.}) 11... bxa4 (11... Bxc5 12.
Nxc5 $14 {[%csl Gc5] Der Nc5 steht stark - Weiß hat einen kleinen, aber
dauerhaften positionellen Vorteil.}) 12. Bxb4 c5 13. Ba3 $1 {Das ist klar die
beste Fortsetzung für Weiß. Der Ba3 hält den Pc5-Bauern in Schach und geht
Motiven nach 13...Nxe4 aus dem Weg.} (13. Bc3 Nxe4 14. Bxg7 Rg8 15. Bf3 (15.
Bh6 Rg6 16. Qc1 a3 17. Rb1 Bb7 18. f3 axb2 19. Qe3 Rxh6 20. Qxh6 Nc3 21. Qe3
Nxb1 22. Rxb1 Qa5 {1/2-1/2 Tsarev,V-Tregubov/USSR 1990/Inf 49/[Tregubov] (30)})
15... Bb7 16. Bxe4 Bxe4 17. f3 Rxg7 18. fxe4 Qe5 19. Qf3 Qxb2 $5 20. Rab1 Qxc2
21. e5 Rd8 22. Rb7 Qg6 {Kaminski,M-Gdanski,J/Polska 1994/Inf 60 (25)}) 13...
O-O {Nach diesem Zug befindet sich wenigstens der schwarze König in Sicherheit,
aber die schwarze Bauernstruktur ist katastrofal. Zudem verfügt Weiß über das
Läuferpaar.} (13... Nxe4 {Die Annahme des Pe4 wäre zwar konsequent, in den
konkreten Varianten aber hat Weiß Vorteil.} 14. Bf3 Bb7 15. c3 (15. Re1 Nd6 (
15... f5 16. Bxe4 fxe4 17. Qh5+ g6 18. Qh3 {1-0 Todorovic,G-Djokic,N/Belgrade
Minex 1995 (46)} (18. Qh6 $5)) 16. Re5 Rd8 17. Rxc5 $16 {Renet,O-Lautier,J/
Lyon (zt) 1990/Inf 49 (17)}) 15... O-O 16. Qxa4 Bc6 17. Qc2 Nf6 18. Bxc6 Qxc6
19. Rad1 Rfd8 20. c4 Ng4 21. Qe2 Nh6 {Malofeev,A-Cherepkov,A/Russia 1997/Inf
69 (25)}) (13... Bb7 14. f3 O-O (14... Rd8 15. Qe1 O-O 16. Qc3 Nd7 17. Rad1 f5
18. Bc4 Rde8 19. exf5 Rxf5 20. Qd3 {1-0 Bashkov,V-Tregubov,P/Czestochowa 1992/
TD (37)}) 15. Qd2 Rac8 16. Qc3 Nd7 17. Rfd1 Nf6 18. b3 axb3 19. cxb3 Qb6 20.
Qe3 Qa5 21. Bb2 Rfd8 22. Bc3 Rxd1+ 23. Rxd1 Qxa2 24. Bc4 {1-0 Brustman,
A-Blimke,D/Krynica 1997/CBM 61 ext (24)}) 14. f3 {[%mdl 4] Mit diesem
einfachen Zug verschafft sich Weiß nachhaltigen positionllen Vorteil. Schwarz
hat kein gefährliches Gegenspiel, und Weiß kann stufenweise seinen Angriff
gegen die schwachen schwarzen Bauern am Damenflügel beginnen.} Nh5 15. Qd2 (15.
Rf2 Nf4 16. Bf1 $14) 15... Nf4 16. Rfd1 $14 e5 (16... Nxe2+ 17. Qxe2 $16 {
[%cal Re2c4,Rc4a4,Rc4c5] Droht sofort 18.Qc4 mit Bauerngewinn.}) 17. Bf1 {
Wie Tarrasch schon vor vielen Jahren sagte: "Es ist nicht wichtig, dass das
Läuferpaar mehr oder weniger wirkt, wichtig ist, dass es sich auf dem Brett
befindet."} Qe7 18. Qf2 {[%csl Rc5]} Qg5 {Schwarz hat nur kleine Drohungen -
jetzt droht 19...Nh3+.} 19. Kh1 Be6 20. Bxc5 $16 {Weiß hat gesunde Mehrbauern
und die bessere Stellung.} Rfc8 21. b4 h5 (21... axb3 22. axb3 $16) 22. h4 Qf6
23. g3 Ng6 (23... Nh3 24. Qe3 $18 {[%csl Rh3][%cal Rh1h2,Rh2h3]}) 24. Kh2 a3
25. Rd6 {[%csl Ra6]} Rd8 26. Rad1 Rxd6 27. Rxd6 Rd8 28. Rxa6 Rd1 {Der einzige
aktive Zug von Schwarz in der ganzen Partie - aber es gibt keine Drohungen.}
29. Bg2 Qd8 30. Rxa3 $18 {Schwarz hat schon drei Bauern weniger...} Bc4 (30...
Rd2 31. Ra8 (31. Rd3 $18) 31... Qxa8 32. Qxd2 $18) 31. Rc3 Bb5 (31... Rd2 32.
Rd3 Qxd3 33. cxd3 Rxf2 34. Bxf2 Bxa2 35. b5 $18) 32. Be3 Qa8 33. Rc5 Qa6 34. a4
Qxa4 (34... Bxa4 35. c4 $18) 35. c4 Bd7 36. Rd5 Ra1 37. Ra5 {Und endlich gab
Schwarz in hoffnungsloser Stellung auf.} (37. Ra5 Qd1 38. Rxa1 Qxa1 39. b5 $18)
1-0

[Event "RUS-ch51"]
[Site "St Petersburg"]
[Date "1998.08.04"]
[Round "8"]
[White "Dvoirys, Semen I"]
[Black "Tregubov, Pavel V"]
[Result "1/2-1/2"]
[WhiteElo "2585"]
[BlackElo "2535"]
[Annotator "Ribli,Z"]
[PlyCount "90"]
[EventDate "1998.07.28"]
[EventType "swiss"]
[EventRounds "11"]
[EventCountry "RUS"]
[SourceTitle "CBM 067"]
[Source "ChessBase"]
[SourceDate "1998.11.30"]
[SourceVersion "2"]
[SourceVersionDate "1998.11.01"]
[SourceQuality "1"]

{[%mdl 264]} 1. e4 c5 2. Nf3 e6 3. d4 cxd4 4. Nxd4 Nc6 5. Nc3 Qc7 6. Be3 a6 7.
f4 {Eine ungewöhnliche Zugfolge. Im folgenden sehen wir die Hauptvariante des
Systems 6.f4 mit Zugumstellung. Ribli.} (7. Bd3) 7... Nxd4 (7... b5 $5 8. Qf3 (
8. Nxc6 Qxc6 9. Be2 Ba3) 8... Bb7 {[%cal Gb7f3]}) (7... Bb4 $5 8. Bd3 (8. Nxc6
Qxc6 9. Qd4 Bxc3+ 10. bxc3 Nf6 11. Bd3 (11. e5 Nd5 12. Bd2 b5 $11 {[%csl Gd5]
Weiß besitzt das Läuferpaar, aber Schwarz entfaltet starkes Spiel auf den
weißen Feldern.}) 11... b5 12. a4 Bb7 $11 {[%cal Gb7h1]}) 8... Nf6) 8. Qxd4 b5
9. Be2 (9. Bd3 $5) 9... Bb7 10. O-O (10. O-O-O Rc8 {[%cal Gc8c1] Das ist die
andere Hauptvariante, die zu unklaren taktischen Verwicklungen führt.}) 10...
Rc8 11. Bf3 h5 {Die sofortige Springerentwicklung wäre schlecht. Schwarz muß
sich erst den Vorposten auf g4 sichern.} (11... Nf6 $2 12. e5 Bxf3 13. exf6 $18
{[%csl Rf3][%cal Rf6g7]}) 12. Rad1 (12. Rfd1 Nf6 13. e5 Nd5 14. Nxd5 Bxd5 15.
a4 Qb8 $13) 12... Nf6 13. h3 {Gegen das eventuelle ...Ng4 gerichtet.} (13. Kh1
Be7 14. Rd2 d6 15. a4 b4 16. Nd1 O-O 17. Nf2 e5 $36 {Nunn,J-Andersson,U/Szirak
izt/1987}) 13... h4 {[#]} 14. Rf2 {Weiß bereitet Rd2 vor.} (14. e5 Nh5 15. Bxb7
Qxb7 16. Ne4 $11 (16. Qe4 Qxe4 17. Nxe4 Rxc2 18. Rc1 Rc6 19. Rfd1 Ng3 $17))
14... Bc5 15. Qd3 $146 {[#] Weiß verbessert sein Spiel aus einer früheren
Partie gegen denselben Gegner. 1995 wurde dort 15.Qxc5 gespielt. Dvoirys hatte
letztlich diese Partie gewonnen, aber das Endspiel bietet eigentlich keinen
Vorteil.} (15. Qxc5 Qxc5 16. Bxc5 Rxc5 17. Rd6 Ke7 (17... b4 $6 18. Na4 Ra5 19.
Rb6 Bxe4 20. Rxb4 Rb5 21. Rc4 O-O 22. Bxe4 d5 23. Bxd5 exd5 24. Rd4 $16 {
1-0 Dvoirys,S-Tregubov,P/Russia 1995 (55)}) (17... Bc6 $5 18. e5 Nh5 19. Bxc6
Rxc6 20. Rxc6 dxc6 21. Ne4 Ke7 22. Kf1 Rd8 23. Ke2 f6 24. exf6+ gxf6) 18. Rb6
Bc6 19. Rxa6 Nh5 20. Bxh5 Rhxh5 $44 {1/2-1/2 Anka,E-Landa,K/Balatonbereny 1995
(51)}) 15... Bxe3 (15... Bb4 $2 {Nach 14...Bc5 wäre dieser Zug nicht logisch.}
16. Bd4) 16. Qxe3 b4 $11 {Mit natürlichen Zügen erlangt Schwarz eine bequeme
Stellung.} (16... d6 17. Rfd2 {[%csl Rd6][%cal Rd1d6]}) 17. Na4 (17. e5 bxc3
18. exf6 cxb2 19. fxg7 Rg8 $15 {[%csl Gb2,Rc2,Rg7][%cal Gc8c2]}) 17... O-O 18.
Nb6 (18. e5 $2 Bxf3 (18... Nd5 19. Bxd5 Bxd5 20. Nb6 $16 {[%csl Gb6][%cal
Rb6d5,Rb6c8]}) 19. Qxf3 Nd5 20. Qh5 (20. Qg4 $2 Ne3 {[%cal Re3d1,Re3g4]}) 20...
f6 $1 21. Qxh4 fxe5 22. fxe5 Rxf2 (22... Qxe5 {[%csl Ra4]}) 23. Qxf2 Qxc2 $15 {
[%csl Ra4,Gd5]}) 18... Rcd8 (18... Rb8 $2 19. e5 Bxf3 20. Qxf3 Rxb6 21. exf6
$16 {[%csl Gf6,Rg7,Rg8,Rh4][%cal Rf3g4]}) 19. e5 Bxf3 20. Qxf3 Ne8 {Es scheint,
Weiß hätte positionellen Druck am Damenflügel, aber in Wirklichkeit hat er
nichts konkretes, während der Gegner mit ...g7-g6/...Ng7-Nf5 oder nach ...
d7-d5 im Falle von exd6 mit ...Nxd6-Nf5 kommt. Der schwarze Bauer b4 ist dabei
für Weiß am Damenflügel unangenehm, denn er blockiert die weißen Bauern.} (
20... Qxb6 $2 21. exf6 $16 {[%csl Gf6,Rg8,Rh4][%cal Rf3g4]}) 21. Qe3 d5 (21...
d6 $6 22. Rfd2 a5 $14 {[%cal Gd1d8]} (22... Rb8 23. exd6 Qxb6 24. Qxb6 Rxb6 25.
d7 $16 {[%cal Rd7d8]})) 22. Na4 (22. exd6 Rxd6 23. Rxd6 Nxd6 $15 {[%csl Yf5]
[%cal Gd6f5]}) 22... g6 23. Qc5 (23. Rfd2 Rc8 (23... Ng7 {[%cal Gg7f5]})) 23...
Qxc5 24. Nxc5 {[%cal Rc5a6]} a5 25. Rd3 (25. Nb7 Ra8 (25... Rd7 26. Nxa5 Ra7
27. Nc6 Rxa2 28. b3 $16 {[%csl Rb4][%cal Rc6b4]})) 25... Ng7 {[%cal Gg7f5] Der
schwarze Springer strebt nach f5, wo er eine ideale Stellung einnimmt.} 26. a3
Rc8 27. Nb7 (27. Nd7 Rfd8 28. Nf6+ Kf8 $11 {Der weiße Springer richtet in
Wirklichkeit auf f6 nichts aus.}) 27... bxa3 28. Rxa3 Rb8 29. Nxa5 (29. Rb3 a4
30. Rb5 Nf5 $15 {[%csl Gf5][%cal Gb8b5]}) 29... Rxb2 {[%csl Rc2][%cal Gf8c8,
Gc8c2]} 30. c4 {Weiß befreit sich von seinem schwachen c-Bauern, aber
inzwischen hat Schwarz bereits Spiel gegen den Bauern f4.} Rb1+ $5 $15 (30...
Rxf2 31. Kxf2 dxc4 32. Nxc4 Nf5 $11 {[%csl Gf5]}) 31. Rf1 (31. Kh2 $2 Nf5 32.
cxd5 Ng3 $17 {[%csl Rh2][%cal Rb1h1] Weiß muß die Qualität geben, sonst wird
er Matt auf h1.}) 31... Rxf1+ 32. Kxf1 dxc4 33. Ke2 (33. Nxc4 Nh5 34. Rf3 Ra8
$15 (34... Rc8 $15 {[%csl Gc8,Rf4,Yg3,Gh5]})) 33... Nh5 34. Ke3 Rd8 {[%cal
Gd8d1]} (34... Rc8 35. Rc3 $11) 35. Nxc4 (35. Rc3 $5 Rd3+ 36. Rxd3 cxd3 37. Nc4
$11 {[%csl Rh4][%cal Gc4d2,Gd2f3,Gf3h4]}) 35... Nxf4 36. Kxf4 Rd4+ {Schwarz
gewinnt einen Bauern, aber das aktive weiße Figurenspiel sichert das Remis.}
37. Kg5 Rxc4 38. Kh6 $11 {[%csl Rg8,Gh6][%cal Ra3a8,Ra8g8]} (38. Kf6 Rf4+ 39.
Ke7 Kg7 $17) 38... Kf8 (38... Rc8 39. Ra4 Kf8 40. Rxh4 Rc2 (40... Rc5 41. Re4
$11) 41. Ra4 Rxg2 42. Ra8+ Ke7 43. Ra7+ $11 {Dauerschach.}) 39. Ra8+ Ke7 40.
Ra7+ Ke8 41. Kg7 {Weiß spielt nicht auf Gewinn, er demonstriert nur, daß er
das Dauerschach noch nicht nötig hat.} (41. Ra8+ Ke7) 41... Rf4 42. Ra8+ Kd7
43. Ra7+ Ke8 44. Ra8+ Kd7 45. Ra7+ Ke8 1/2-1/2

[Event "Sao Paulo m"]
[Site "Sao Paulo"]
[Date "1996.??.??"]
[Round "3"]
[White "Polgar, Judit"]
[Black "Milos, Gilberto"]
[Result "1/2-1/2"]
[WhiteElo "2665"]
[BlackElo "2605"]
[Annotator "Ribli,Z"]
[PlyCount "69"]
[EventDate "1996.11.29"]
[EventType "match"]
[EventRounds "4"]
[EventCountry "BRA"]
[SourceTitle "CBM 056"]
[Source "ChessBase"]
[SourceDate "1997.02.01"]
[SourceVersion "1"]
[SourceVersionDate "1997.02.01"]
[SourceQuality "1"]

1. e4 c5 2. Nf3 e6 3. d4 cxd4 4. Nxd4 Nc6 5. Nc3 Qc7 6. Be2 {Judit waehlt eine
neue Fortsetzung. In der ersten Partie des Wettkampfs geschah 6.g3 a6, und
Judit gewann in 34 Zügen.} a6 7. Be3 Nf6 8. O-O Bb4 9. Na4 Be7 {Die andere
Hauptvariante ist} (9... O-O {siehe SURVEY CBM 56.}) 10. Nxc6 bxc6 11. Nb6 Rb8
12. Nxc8 Qxc8 13. e5 Nd5 14. Bc1 Bc5 15. c4 Ne7 16. b3 Qc7 17. Bb2 d6 $1 18.
exd6 Bxd6 19. g3 (19. Qd4 c5 $1 20. Qe4 Ng6 21. g3 Be5 $13 {Jovicic,
B-Miladinovic,I/Igalo ch-YU tt/1994/}) 19... Be5 20. Bxe5 Qxe5 21. Bf3 c5 22.
Re1 Qc7 23. Be4 O-O 24. Qc2 h6 25. Rad1 Rfd8 26. Qb2 {Heutzutage gibt es
Varianten, in denen es is nicht leicht fällt, in den ersten 25 Zügen eine
Neuerung zu spielen.} (26. Qc3 Nc6 27. Bxc6 Qxc6 28. Rd3 Rxd3 29. Qxd3 a5 {
Und in dieser Stellung schloss man Frieden in Spassov,V -Miladinovic,I/
Balkaniade /1994.}) 26... Nc6 27. Bxc6 Qxc6 {Endlich eine Abweichung von Judit.
Sie führt zu einer ähnlichen Stellung wie in der obenstehende Partie. Weiß hat
die bessere Baurnstruktur, aber normalerweise reicht dieser mikroskopische
Vorteil nicht zum Sieg.} 28. Rd2 Rd6 29. Rxd6 Qxd6 30. Qe5 Qxe5 31. Rxe5 Rc8
32. f4 {Die Stellung wäre chancenreich für Weiß,wenn er/sie könnte jetzt Rd6
spielen. Aber das ist unmöglich. Wenn der schwarze König ins Spiel kommt, sind
die Chancen ausgeglichen.} Kf8 33. Kf2 Ke7 34. h4 f6 35. Re1 {Nach 35...Rd8
Schwarz steht nicht schlechter.} 1/2-1/2

[Event "RUS-ch51"]
[Site "St Petersburg"]
[Date "1998.07.29"]
[Round "2"]
[White "Dolmatov, Sergey"]
[Black "Tunik, Gennady"]
[Result "1/2-1/2"]
[WhiteElo "2575"]
[BlackElo "2480"]
[Annotator "Ribli,Z"]
[PlyCount "125"]
[EventDate "1998.07.28"]
[EventType "swiss"]
[EventRounds "11"]
[EventCountry "RUS"]
[SourceTitle "CBM 067"]
[Source "ChessBase"]
[SourceDate "1998.11.30"]
[SourceVersion "2"]
[SourceVersionDate "1998.11.01"]
[SourceQuality "1"]

1. e4 c5 2. Nf3 e6 3. d4 cxd4 4. Nxd4 Nc6 5. Nc3 a6 6. Be2 (6. Nxc6 bxc6 7. Bd3
{Das ist ein gefährliches weißes Angriffssystem, aber die Stellung ist nicht
klar, denn Schwarz hat ein festes Zentrum. Ribli.}) 6... Qc7 7. O-O Nf6 8. Be3
Bb4 {Das ist die prinzipielle schwarze Antwort. Auch 8...d6 mit Übergang zur
Scheveninger Variante ist möglich.} 9. Na4 Be7 {Jetzt oder später muß der
Läufer nach e7 ziehen.} (9... O-O) 10. Nxc6 (10. c4 $5 {Diese Variante ist
heutzutage sehr modern.}) 10... bxc6 11. Nb6 {Dolmatov spielt den klassischen
Aufbau. Weiß bekommt das Läuferpaar und erlangt so minimalen Vorteil.} Rb8 12.
Nxc8 Qxc8 13. Bd4 {Eine sehr selten gespielte Fortsetzung. Ihre Alternativen
bieten dem Weißen nichts besonderes.} (13. e5 Nd5 14. Bc1 Bc5 15. c4 Ne7 16. b3
Qc7 17. Bb2 d6 18. Bh5 (18. exd6 Bxd6 19. g3 Be5 20. Qc2 O-O 21. Rad1 Bxb2 22.
Qxb2 c5 23. Bd3 Nc6 {0-1 Friedman,A-Cummings,D/Toronto op 1998 (38)}) 18... O-O
19. Qe2 a5 20. Rac1 Nf5 21. Rfd1 a4 22. Rd3 axb3 23. axb3 Rbd8 24. exd6 Bxd6
25. g3 Bc5 26. Rcd1 Rxd3 27. Qxd3 Qb6 28. Rd2 Bb4 29. Rd1 {1/2-1/2 Svidler,
P-Polgar,J/Tilburg 1997 (29)}) 13... c5 (13... Nxe4 14. Bxg7 (14. Qd3 d5 15.
Qxa6 Qc7 16. Bxg7 Rg8 $44) 14... Rg8 15. Qd4 d5 $13) 14. Be5 Rb6 $11 {Weiß
besitzt das Läuferpaar, aber das ist auch schon alles, denn Schwarz hat
keinerlei Schwächen.} 15. b3 {Es ist notwendig, den Läufer in der langen
Diagonalen zu halten.} (15. Qd3 O-O (15... d6 $5) 16. c4 d6 17. Bc3 Nd7 18.
Rab1 Bf6 19. Ba5 Rxb2 20. Rxb2 Bxb2 21. Qxd6 Be5 22. Qd3 Bd4 23. Rb1 Qc6 24.
Qc2 g6 25. Bd3 Qd6 26. Kh1 Rb8 27. Rxb8+ Qxb8 {0-1 Bremond,E-Andrijevic,M/
Cannes op 1989 (39)}) 15... O-O 16. Bd3 (16. f3 d5 $11) 16... d6 (16... d5 17.
exd5 exd5 18. c4 $1 dxc4 (18... d4 19. Re1 $14 {[%csl Gd3,Ge5]}) 19. Bxc4 $14 {
[%csl Gc4,Ge5] Der Läufer c4 steht ausgezeichnet.}) 17. Bb2 Nd7 (17... Qc6 18.
Qe2 (18. e5 dxe5 19. Bxe5 Rd8)) 18. f4 {[%csl Gb2,Gd3,Gf1] Weiß hat die
Initiative am Königsflügel.} Bf6 {Es ist für Schwarz notwendig, den
gefährlichen gegnerischen Läufer zu tauschen.} 19. Bxf6 Nxf6 20. Qe2 (20. e5
dxe5 21. fxe5 Nd5 (21... Nd7 22. Qe2 Qc7 (22... c4 $2 23. Bxc4 Qc5+ 24. Kh1
Nxe5 25. Bxa6 $16) 23. Rae1) 22. Qh5 g6 $13 {[%csl Gd5,Ge5,Rg8]}) 20... e5 $6 {
Nach diesem Zug kommt Schwarz in eine passive Stellung.} (20... Qc6 $5 21. e5
Nd5 22. Qe4 (22. Be4 $2 Nc3 $17 {[%cal Rc3e2,Rc3e4]}) 22... g6 $11) 21. fxe5 (
21. f5 $5 $14 {Weiß hat freie Hand am Königsflügel. Die Stellung ist zwar
geschlossen, aber es gibt keine Vorposten für den schwarzen Springer.} d5 $2
22. exd5 e4 23. Bc4 $16) 21... dxe5 22. Bc4 $14 {[%csl Gc4][%cal Gc4g8]} Rd6 (
22... Qc6 23. Rad1 Qxe4 24. Bxf7+ Kh8 (24... Rxf7 25. Qxe4 Nxe4 26. Rd8+ $18) (
24... Kxf7 25. Qxe4 $18) 25. Qxe4 Nxe4 26. Rd7 $16) 23. Rf5 Re8 24. Raf1 Re7 (
24... Qb7) (24... Rd4 25. Rxf6 $5 (25. Bxa6 Qa8 {[%csl Ra2,Ga8,Re4]}) 25...
gxf6 26. Rxf6 Re7 27. c3 $14 {[%csl Gc4,Gf6,Rg8]}) 25. g4 Rdd7 26. g5 $6 {
Dieser scheinbar aktive Zug hilft nur dem Schwarzen. Die Partiefortsetzung
schwächt das Feld h5 und erlaubt dem Nachziehenden so später das
Springermanöver ...g7-g6 / ...Ne8-g7-h5.} (26. Bxa6 $5 Qd8 27. Bd3 $16) 26...
Ne8 27. Bxa6 {Weiß besitzt einen Mehrbauern, aber wegen der Schwächen in
seiner Königsstellung ist die Verwertung dieses Materialvorteils nicht so
einfach.} Qd8 28. Bd3 g6 $1 {[%cal Ge8g7,Gg7h5,Gg7e6,Ge6f4]} (28... Nd6 29.
R5f3) 29. R5f2 Ng7 30. Bb5 (30. Bc4 Nh5 {[%cal Gh5f4]} (30... Ne6 31. Bxe6 Rxe6
$14 {[%cal Gd8d2]})) 30... Rd6 31. Bc4 Rdd7 (31... Ne6 32. Bxe6 Rdxe6 33. Rd1
$14 (33. a4 Rd7 34. Qg4 Red6 {[%cal Gd8d1]})) 32. Qe3 {[%cal Re3c5]} Qc7 33.
Bd5 Nh5 $132 {[%csl Yf4,Gh5] Der schwarze Springer ist - unangenehm für Weiß -
auf dem Weg nach f4.} (33... Ne6 $2 34. Rxf7 Rxf7 35. Bxe6 $18 {[%csl Ge6]})
34. c4 {[%csl Gd5] Nach diesem Zug hat Weiß einen "Beton-Läufer", der aber in
Wirklichkeit nicht so wirksam ist.} Nf4 {[%csl Gf4]} 35. a3 (35. Rxf4 $6 {
Dieses auf den ersten Blick natürliche Qualitätsopfer ist riskant, denn in
einigen Varianten gerät Weiß auch in Verlustgefahr.} exf4 36. Qxf4 (36. Rxf4
Qe5 $15) 36... Qxf4 37. Rxf4 Ra7 38. a4 Kg7 $15) 35... Qa5 36. Ra2 (36. a4 $6 {
Nach diesem Vorstoß wird es sehr schwierig, die Bauernmehrheit zu verwerten.})
36... Rd8 37. Rfa1 Rb8 (37... Kg7 $5) 38. Kh1 Ree8 39. Rb1 {Weiß probiert, die
Stellung mit eventuellem b3-b4 zu sprengen, aber Schwarz ist darauf gut
vorbereitet.} Rec8 40. Rf1 Qd8 41. Qg3 Rc7 42. Rb2 (42. b4 $6 cxb4 43. axb4
Rxb4 44. Ra8 Rb8 $13) 42... Qd6 43. Qc3 Rbc8 (43... Kg7 $2 44. Rxf4 $18 {
[%cal Rc3g7]}) 44. Rd2 Qe7 {[%cal Re7g5]} 45. Rg1 (45. h4 $6 {Dieser Zug
schwächt die weiße Königstellung und Schwarz kann im folgenden mit ...h7-h6
sprengen.} Rb8) 45... Rb8 46. Rb2 Rbc8 47. Ra2 (47. b4 $5 cxb4 {Sonst spielt
Weiß 48.b5.} 48. Qxb4 Rc5 $13 {[%csl Gf4,Rh1]}) 47... Ra7 48. Qg3 Rb8 49. Rf1
Rb6 50. a4 {Endlich begräbt Weiß seine Hoffnungen, b3-b4 spielen zu können.} (
50. Rxf4 $2 exf4 51. Qxf4 Rxb3) 50... Rb8 {[%csl Rb3,Gb8][%cal Gb8b3]} 51. Raf2
Qd6 {Das ist ein typischer Manöverkampf. Es gibt nichts konkretes und beide
Spieler machen neutrale Züge.} 52. Rf3 Rc7 53. Re3 Ra7 54. Qh4 h5 $1 {Ein
radikaler Zug. Schwarz möchte die Stellung völlig schließen. Diese Methode (...
h7-h5 und gxh5 zulassen) ist auch wohlbekannt aus Sizilianischen
Mittelspielstellungen.} (54... Rc7 55. Rxf4 exf4 56. Rh3 {[%csl Rg8][%cal
Rh3h7]} h5 $5 (56... Kf8 $2 57. Qxh7 Re8 (57... Qe5 58. Qh8+ Qxh8 59. Rxh8+ Ke7
60. Rxb8 $18) 58. Qh8+ Ke7 59. e5 $18 {[%csl Rd6,Re7]}) 57. gxh6 Kh7 $44) (
54... Re7) 55. gxh6 Kh7 $44 {[%csl Gh7] Schwarz hat schon zwei Bauern weniger,
aber eine sehr massive Stellung. Es ist schwierig, einen guten weißen
Gewinnplan zu entwickeln.} 56. Rg1 f6 $1 57. Rf3 g5 58. Qg4 Qd7 $1 {Eine
spezielle Lage. Trotz der zwei Minusbauern bietet Schwarz Damentausch an.} (
58... Kxh6 $6 {Solange die Damen auf dem Brett sind, ist dieser Zug nicht
logisch.} 59. Qf5 Kg7 {Zwar ist die schwarze Königsstellung schwach, aber ich
sehe keine direkte Entscheidung.}) 59. h4 (59. Qxd7+ Rxd7 $11 60. a5 Ra7 61.
Ra1 Kxh6 (61... Ra6) 62. a6 $2 Rb6 {[%csl Ra6]} 63. Bb7 $2 {Konsequent, aber
schlecht.} Rbxb7 64. axb7 Rxa1+ $19 {[%csl Ga1,Gf4,Rh1]}) 59... Qxg4 60. Rxg4
Kxh6 61. hxg5+ fxg5 $11 {Schwarz steht wegen seiner starken Springerstellung
auf f4 trotz des Minusbauern kaum schlechter.} 62. Rfg3 {[%csl Rg5]} Ne2 {
[%cal Re2g3]} (62... Rg7 $2 63. a5 {Und Weiß spielt 64.a6 nebst 65.Bb7.}) 63.
Rg2 {Mit Remis wegen Zugwiederholung.} (63. Rg2 Nf4 64. R2g3 $11 (64. Rh2+ Kg6
65. Rg3 $11)) 1/2-1/2